LEADER 01720nam a2200277 i 4500 001 000000067355 003 CaOOAMICUS 005 20220112123549.0 008 131128s1623 fr u000 u lat u 013 $a38527 026 $am,t? 58i- ece- loHi (3) 1633 (R) 040 $aSeMil$bita 100 1 $aLugo, Juan : de,$d<1583-1660>.$0(OLS)http://semarc/name/8274 245 10$aR.P. Ioannis de Lugo Hispalensis, ... Disputationes scholasticae de incarnatione Dominica. 250 $aProdeunt nunc primum. Cum duplici indice; vno disputationum & sectionum; altero rerum & verborum notabilium 260 $aLugduni :$bSumptibus Iacobi Prost,$c1623. 300 $a[16], 310 p., 311-352, 361-362 col., 363-386, 365-540, [16] p. ;$cfol. 500 $aSaltate nella num. le col. 353-360. - Front. stampato in rosso e nero. - Parte del vol. nella parte inferiore destra danneggiato da bruciature ; Coperta quasi completamente staccata. 500 $aMarca editoriale: Aquila su un globo che poggia su una colonna con due serpenti attorcigliati che si ergono da uno stesso punto. Ai lati due figure allegoriche femminili. Motto: In virtute et fortuna. (Repertorio consultato: Marques d'impressors, Univ. di Barcellona). 500 $aSegn.: a4 e4 A-G6 H-2O4 2P-2Q2 2R-3V4 700 0 $aProst, Jacques,$c.$0(OLS)http://semarc/name/12717 850 $aSeMil 852 $aSeMil$W1$xVenegono$y1$m2N VI 14 FA$j33508$B33508$CSeMilBibl$Z2$F33511 $8I 996 $6245$aR.P. Ioannis de Lugo Hispalensis, ... Disputationes scholasticae de incarnatione Dominica$9(OLS)http://semarc/title/107350 996 $6260$aLugduni :$bSumptibus Iacobi Prost$9(OLS)http://semarc/publisher/37523 LEADER 01305nam a2200265 i 4500 001 000000208716 003 CaOOAMICUS 005 20111125000000.0 008 111125s1823 it u000 u ita u 013 $a187504 026 $asei- vae, 3.r- Lita (3) 1823 (R) 040 $aSeMil$bita 100 1 $aAlgarotti, Francesco,$d<1712-1764>.$0(OLS)http://semarc/name/11506 245 10$aVol. 1. 260 $aMilano :$bSoc. Tip. de' Classici italiani,$c1823. 300 $aXII, 554, [2] p., [1] carta di tav. :$britr. 490 0 $aEdizione delle opere classiche italiane del secolo 18 500 $aRitr. calcogr. di F. Algarotti inciso da G. Boggi. 700 1 $aBoggi, Giovanni .$0(OLS)http://semarc/name/11811 773 0 $aAlgarotti, Francesco <1712-1764>$tOpere scelte di Francesco Algarotti. Volume 1. [-3.].$dMilano : Soc. Tip. de' Classici italiani, 1823.$kEdizione delle opere classiche italiane del secolo 18.$g1$w()25880 830 0$aEdizione delle opere classiche italiane del secolo 18.$0(OLS)http://semarc/title/12449 850 $aSeMil 852 $aSeMil$W1$xVenegono$y1$m1O VI 5 FA$j159170$B159170$CSeMilBibl$Z2$F170236 $8I 996 $6245$aVol. 1$9(OLS)http://semarc/title/13429 996 $6260$aMilano :$bSoc. Tip. de' Classici italiani$9(OLS)http://semarc/publisher/31685